000
00317nam a2200133Ia 4500
008
240624s9999 xx 000 0 und d
041
_a
eng
082
_a
828 KRI
100
_a
KRISHNAN M
245
_a
OF BIRDS AND BIRDSONG
260
_c
2012
_a
New Delhi
_b
Aleph Book Company
300
_a
328 : p.
365
_c
RS
_b
25
999
_c
19468
_d
19468